| 000 | 00678nam a2200265Ia 4500 | ||
|---|---|---|---|
| 008 | 171120s9999 xx 000 0 und d | ||
| 020 | _a9712715825 | ||
| 050 | _a390 | ||
| 050 | _bM299 2006 | ||
| 100 | _aMaramba, Asuncion | ||
| 245 | _aBeyond the classroom : | ||
| 245 | _bessays on living / | ||
| 245 | _cby Asuncion Maramba. | ||
| 260 | _aPhilippines : | ||
| 260 | _bAnvil, | ||
| 260 | _c2006 | ||
| 300 | _a216 pages : | ||
| 300 | _billustrations ; | ||
| 300 | _c22cm. | ||
| 650 | _aNational characteristics, Philippine. | ||
| 650 | _aPhilippine essays (English). | ||
| 650 | _aPhilippines -- | ||
| 650 | _xSocial life and custom. | ||
| 700 | _aTitle. | ||
| 999 |
_c345234 _d345234 |
||